| 000 | 00416nam a22001577a 4500 | ||
|---|---|---|---|
| 003 | LK-CoDNM | ||
| 005 | 20240816095603.0 | ||
| 008 | 240816b |||||||| |||| 00| 0 eng d | ||
| 040 |
_aLK-CoDNM _dLK-CoDNM _eLK-CoDNM |
||
| 080 |
_a9 _bS14 |
||
| 100 | _aMuller,Max, F | ||
| 245 | _a The sacred books of the east - vol 26 | ||
| 260 |
_aCLEARENDON PRESS _bOXFORD _c1885 |
||
| 300 | _aviii, 496p. ; 22 cm | ||
| 942 | _cBK | ||
| 999 |
_c148099 _d148099 |
||